A Vodafone válasza a globalizációs kihívásokra

Bibliográfiai részletek
Szerző: Szépfalvi Zsuzsanna
További közreműködők: Marosán Dr György
Dokumentumtípus: Diplomadolgozat
Kulcsszavak:Globalizáció
Multinacionális vállalatok
Tőkebefektetés
Külföldi befektetés
Online Access:http://dolgozattar.uni-bge.hu/1883

MARC

LEADER 00000nta a2200000 i 4500
001 dolg1883
005 20160223131950.0
008 150824suuuu hu om 000 hun d
040 |a BGE Dolgozattár Repozitórium  |b hun 
041 |a hu 
100 1 |a Szépfalvi Zsuzsanna 
245 1 2 |a A Vodafone válasza a globalizációs kihívásokra  |c Szépfalvi Zsuzsanna  |h [elektronikus dokumentum] 
695 |a Globalizáció  
695 |a Multinacionális vállalatok 
695 |a Tőkebefektetés 
695 |a Külföldi befektetés 
700 1 |a Marosán Dr György  |e ths 
856 4 0 |u http://dolgozattar.uni-bge.hu/1883/1/szakdoga.pdf  |z Dokumentum-elérés